Themed General Knowledge Questions #6 - Statistics

General Stats
  • This quiz has been taken 51 times
  • The average score is 5 of 10
Answer Stats
Question Answer % Correct
What book is the most sold worldwide? The Bible
95%
Which of these is not a capital city? Sydney
91%
In what year did the Titanic sink? 1912
89%
Which country is the highest percentage of Christians? Vatican city
75%
Which of these is not a composite number? 1
52%
Which of these are a vegetable? Artichoke
45%
Which of these animals are not able to re-grow lost limbs? Tardigrades
41%
What complete harmless chemical has had numerous petitions to ban it? Dihydrogen Monoxide (Water)
32%
Which author directly wrote the most words in the Bible? Moses
11%
What instrument was frequently dropped into war-zones by the US military? Pianos
7%
No matching quizzes found
Score Distribution
Percent of People with Each Score
Percentile by Number Answered
Your Score History
You have not taken this quiz